Animal Crossing - Tous les jeux - Statistiques

Statistiques générales
  • Ce quiz a été pris 147 fois
  • Le résultat moyen est 4 sur 6
Statistiques - réponses
Année Console Jeux % Correct
2013 3DS New Leaf
94%
2020 Switch New Horizons
84%
2004 GameCube Animal Crossing
72%
2005 DS Wild World
65%
2015 Wii U Wild World
65%
2008 Wii Let's Go to the City
60%
Aucun quiz correspondant
Distribution des résultats
% des personnes avec chaque résultat
Percentile par nombre de réponses
Votre historique - résultats
Vous n’avez pas pris ce quiz